000 01223nam a22002657a 4500
005 20240530110606.0
008 161106s2015 ua a g b 000 0 ara d
017 _a2015/4103
_bمصر. دار الكتب
020 _a9789770529669
040 _aEG-CaGPL
_cEG-CaGPL
082 _221
_a616.89\
_bم ت
100 0 _aمحمد احمد شلبى
245 1 0 _aتشخيص الامراض النفسية للراشدين مستمد من DSM - 4 and DSM - 5 :
_bنظرة نقدية /
_cمحمد احمد شلبى ، محمد ابراهيم الدسوقى ، زيزى السيد ابراهيم
260 _aالقاهرة :
_bمكتبة الانجلو المصرية ،
_c2015 .
300 _a167 ص. ؛
_c24 سم .
504 _aيشتمل على ارجاعات ببليوجرافية
650 0 7 _2qrmak
_aالسلوك
_xانحراف
650 0 7 _2qrmak
_aالاضطراب الجنسى
650 0 7 _2qrmak
_aالاضطرابات العصبية
650 0 7 _2qrmak
_aالاضطرابات النفسية
700 0 _aمحمد ابراهيم الدسوقى
_eمؤلف مشارك
700 0 _aزيزى السيد ابراهيم
_eمؤلف مشارك
942 _2ddc
_cBK
999 _c62766
_d62766